[Event "Chigorin Memorial 29th"]
[Site "St Petersburg"]
[Date "2022.10.24"]
[Round "3"]
[White "Mukhin, Vladislav"]
[Black "Khanmamedli, Tamerlan"]
[Result "1/2-1/2"]
[WhiteElo "1869"]
[BlackElo "1338"]
[PlyCount "115"]
[EventDate "2022.10.22"]
[EventType "swiss"]
[EventRounds "9"]
[EventCountry "RUS"]
[SourceTitle "EXT 2024"]
[Source "ChessBase"]
[SourceDate "2023.10.10"]
[SourceVersion "1"]
[SourceVersionDate "2023.10.10"]
[SourceQuality "1"]

1. e4 c5 2. d4 cxd4 3. c3 dxc3 4. Nxc3 d6 5. Nf3 Nf6 6. Bc4 e6 7. e5 dxe5 8. Qxd8+ Kxd8 9. Nxe5 Ke8 10. Nb5 Na6 11. Be3 Bb4+ 12. Ke2 Ke7 13. Nxa7 Bc5 14. Nb5 Bxe3 15. fxe3 Nd7 16. Nf3 Nb6 17. Bd3 Nb4 18. a3 Nxd3 19. Kxd3 Bd7 20. Nbd4 f6 21. e4 e5 22. Nf5+ Bxf5 23. exf5 Rhd8+ 24. Ke2 Nc4 25. Rac1 b5 26. Rc2 Rd7 27. Re1 Rad8 28. a4 Nd6 29. axb5 Nxf5 30. Kf2 Nd4 31. Nxd4 Rxd4 32. Ree2 Rb4 33. Rc5 Rd7 34. Rec2 Kf7 35. Ke3 Kg6 36. R5c4 Rxb5 37. b4 Rd4 38. Rxd4 exd4+ 39. Kxd4 Rxb4+ 40. Ke3 h5 41. Kf2 Kg5 42. Re2 h4 43. Re3 Rf4+ 44. Kg1 g6 45. Rc3 f5 46. Rb3 Ra4 47. h3 Kh5 48. Kf2 Rf4+ 49. Kg1 g5 50. Rc3 g4 51. hxg4+ Kxg4 52. Kh2 Ra4 53. Rb3 Ra2 54. Rc3 Re2 55. Rb3 f4 56. Rc3 Re3 57. Rc8 Rg3 58. Rg8+ 1/2-1/2

[Event "Chigorin Memorial 29th"]
[Site "St Petersburg"]
[Date "2022.10.23"]
[Round "2"]
[White "Khegai, Darya"]
[Black "Mukhin, Vladislav"]
[Result "0-1"]
[WhiteElo "1545"]
[BlackElo "1869"]
[PlyCount "100"]
[EventDate "2022.10.22"]
[EventType "swiss"]
[EventRounds "9"]
[EventCountry "RUS"]
[SourceTitle "EXT 2024"]
[Source "ChessBase"]
[SourceDate "2023.10.10"]
[SourceVersion "1"]
[SourceVersionDate "2023.10.10"]
[SourceQuality "1"]

1. d4 d5 2. c4 e6 3. Nc3 Nf6 4. cxd5 exd5 5. Bg5 Be7 6. Nf3 c6 7. e3 h6 8. Bh4 Bf5 9. Qb3 b5 10. Ne5 0-0 11. Be2 Nfd7 12. Bxe7 Qxe7 13. Nf3 Nb6 14. 0-0 a5 15. a3 N8d7 16. Rfc1 Qd6 17. Qd1 Rfb8 18. Nh4 Bh7 19. Bd3 Nc4 20. Bxh7+ Kxh7 21. Qc2+ g6 22. Nf3 f5 23. Ne2 a4 24. Nf4 Qf6 25. Nd3 Rb6 26. Qc3 Re8 27. b3 axb3 28. Qxb3 Ra8 29. Nb4 Qd6 30. Ne1 Rb7 31. Ned3 Rba7 32. Nb2 Ndb6 33. Nc2 Nxa3 34. Qb4 Qxb4 35. Nxb4 Nac4 36. Rxa7+ Rxa7 37. Nxc4 dxc4 38. Nxc6 Ra2 39. g4 Nd5 40. gxf5 gxf5 41. f3 Nxe3 42. Re1 f4 43. Nb4 Rb2 44. Na6 c3 45. Nc5 c2 46. Nd3 Rb1 47. Kf2 Rd1 48. Ke2 b4 49. d5 Nxd5 50. Rxd1 Nc3+ 0-1

[Event "BLR-ch 1st League"]
[Site "Minsk"]
[Date "2021.12.10"]
[Round "2"]
[White "Mukhin, Vladislav"]
[Black "Lutsko, Igor"]
[Result "0-1"]
[WhiteElo "1870"]
[BlackElo "2305"]
[PlyCount "153"]
[EventDate "2021.12.09"]
[EventType "swiss"]
[EventRounds "9"]
[EventCountry "BLR"]
[SourceTitle "EXT 2023"]
[Source "ChessBase"]
[SourceDate "2022.10.05"]
[SourceVersion "1"]
[SourceVersionDate "2022.10.05"]
[SourceQuality "1"]

1. e4 c5 2. Nf3 Nc6 3. d4 cxd4 4. Nxd4 Nf6 5. Nc3 d6 6. Be2 g6 7. 0-0 Bg7 8. Be3 0-0 9. Qd2 Bd7 10. f3 Rc8 11. a4 a5 12. Bb5 Nxd4 13. Bxd4 Bc6 14. Qf2 Nd7 15. Bxg7 Kxg7 16. Qd4+ Kg8 17. Rf2 Qb6 18. Rd1 Qxd4 19. Rxd4 Nc5 20. Rfd2 Kg7 21. Kf2 f5 22. exf5 Rxf5 23. Bxc6 bxc6 24. Re2 Kf7 25. g4 Rf6 26. Ne4 Nxe4+ 27. Rdxe4 e5 28. c4 c5 29. R2e3 Rb8 30. b3 Ke6 31. Kg3 Rbf8 32. Rd3 g5 33. h3 Rh8 34. Re2 Rf4 35. Re4 Rf7 36. Re2 h5 37. Red2 Rd7 38. Kg2 Rf8 39. Re2 Rf4 40. Re4 Rf6 41. Re2 Rh7 42. Red2 Kd7 43. Re2 Ke7 44. Red2 Rhh6 45. Re2 Rf4 46. Re4 Rf7 47. Re1 Ke6 48. Red1 Kd7 49. Re1 Kc7 50. Red1 Rf4 51. Re1 Rd4 52. Ree3 Kc6 53. Kg3 hxg4 54. hxg4 Rh1 55. Kf2 Rh2+ 56. Ke1 Rb2 57. Kf1 Kd7 58. Ke1 Ke6 59. Kf1 Rc2 60. Ke1 d5 61. cxd5+ Kxd5 62. Kd1 Rc3 63. Ke2 Rc1 64. Kd2 Ra1 65. Kc2 Rf1 66. Kb2 Rf2+ 67. Kc1 Ra2 68. Rc3 Rad2 69. Rc2 Rxc2+ 70. Kxc2 c4 71. bxc4+ Rxc4+ 72. Kd2 Rxa4 73. Rb3 Rb4 74. Rc3 e4 75. fxe4+ Rxe4 76. Rb3 Kc4 77. Rg3 0-1

[Event "Elitzur Int Online"]
[Site "Chess.com INT"]
[Date "2020.11.01"]
[Round "6"]
[White "Mukhin, Vladislav"]
[Black "Vovk, Orest"]
[Result "1-0"]
[WhiteElo "1910"]
[BlackElo "2315"]
[PlyCount "183"]
[EventDate "2020.11.01"]
[EventType "swiss (blitz)"]
[EventRounds "11"]
[EventCountry "ISR"]
[SourceTitle "CBM 199 Extra"]
[Source "ChessBase"]
[SourceDate "2021.01.31"]
[SourceVersion "1"]
[SourceVersionDate "2021.01.31"]
[SourceQuality "1"]

1. e4 Nc6 2. Nf3 d5 3. exd5 Qxd5 4. d4 Bg4 5. Be2 0-0-0 6. c4 Qh5 7. Be3 e5 8. d5 e4 9. Nfd2 Ne5 10. Bxg4+ Qxg4 11. Qxg4+ Nxg4 12. Nxe4 Nxe3 13. fxe3 Re8 14. Nbc3 Bb4 15. 0-0 f6 16. Rfe1 Nh6 17. a3 Rxe4 18. Nxe4 Bxe1 19. Rxe1 Ng4 20. Nc3 Re8 21. e4 Ne5 22. b3 Nd3 23. Re3 Nc5 24. b4 Nd7 25. Nd1 Ne5 26. Nb2 Ng4 27. Re2 Ne5 28. h3 a6 29. Kf2 b5 30. c5 Kd7 31. Ke3 a5 32. Kd4 axb4 33. axb4 Ra8 34. Re3 Ra1 35. Kc3 Ra3+ 36. Kd4 Ra2 37. Rb3 Ra1 38. Ke3 Rb1 39. Kd4 Nc4 40. Kc3 Rc1+ 41. Kd3 Ne5+ 42. Kd2 Rg1 43. Rg3 g6 44. Nd3 Nc4+ 45. Kc2 Rxg2+ 46. Rxg2 Ne3+ 47. Kc3 Nxg2 48. Kd4 Nh4 49. c6+ Kd6 50. Nc5 Nf3+ 51. Ke3 Ne5 52. Kd4 h5 53. Nb7+ Ke7 54. Kc5 g5 55. d6+ cxd6+ 56. Nxd6 Nd3+ 57. Kb6 Ne5 58. c7 Nd7+ 59. Kb7 Kxd6 60. c8Q g4 61. hxg4 hxg4 62. Qg8 Ne5 63. Qf8+ Ke6 64. Qe8+ Kd6 65. Qxb5 Nf3 66. Qd5+ Ke7 67. b5 g3 68. Qc5+ Ke6 69. Qc4+ Ke5 70. Qc3+ Kxe4 71. Qxf6 Ke3 72. Qg6 Kf2 73. Ka7 g2 74. b6 g1Q 75. Qxg1+ Kxg1 76. b7 Nd4 77. Kb6 Kf2 78. b8Q Nf3 79. Qf4 Ke2 80. Kc5 Nd2 81. Kd4 Nf3+ 82. Kc3 Ne1 83. Qe4+ Kf2 84. Kd2 Nf3+ 85. Kd1 Kg3 86. Ke2 Ng1+ 87. Ke3 Nh3 88. Qf3+ Kh4 89. Qg2 Ng5 90. Kf4 Nh3+ 91. Kf5 Nf2 92. Qxf2+ 1-0

[Event "Elitzur Int Online"]
[Site "Chess.com INT"]
[Date "2020.11.01"]
[Round "4"]
[White "Tashkinova, Sofiia"]
[Black "Mukhin, Vladislav"]
[Result "0-1"]
[WhiteElo "1725"]
[BlackElo "1910"]
[PlyCount "40"]
[EventDate "2020.11.01"]
[EventType "swiss (blitz)"]
[EventRounds "11"]
[EventCountry "ISR"]
[SourceTitle "CBM 199 Extra"]
[Source "ChessBase"]
[SourceDate "2021.01.31"]
[SourceVersion "1"]
[SourceVersionDate "2021.01.31"]
[SourceQuality "1"]

1. e4 e5 2. Nf3 f5 3. d4 fxe4 4. Nxe5 Nf6 5. Bg5 d6 6. Bxf6 Qxf6 7. Nc4 d5 8. Ne3 c6 9. c3 Bd6 10. Be2 0-0 11. 0-0 Qh6 12. h3 Bxh3 13. Bg4 Bxg2 14. f4 Qh1+ 15. Kf2 Rxf4+ 16. Ke2 Bxf1+ 17. Nxf1 Rxg4 18. Ne3 Qh2+ 19. Ke1 Rg1+ 20. Nf1 Bg3# 0-1

[Event "BLR-ch U18"]
[Site "Minsk"]
[Date "2020.02.12"]
[Round "6"]
[White "Tsaruk, Maksim"]
[Black "Mukhin, Vladislav"]
[Result "1-0"]
[WhiteElo "2309"]
[BlackElo "1881"]
[PlyCount "97"]
[EventDate "2020.02.07"]
[EventType "swiss"]
[EventRounds "9"]
[EventCountry "BLR"]
[SourceTitle "CBM 195 Extra"]
[Source "ChessBase"]
[SourceDate "2020.05.31"]
[SourceVersion "1"]
[SourceVersionDate "2020.05.31"]
[SourceQuality "1"]

1. e4 e5 2. Nf3 Nf6 3. Nxe5 d6 4. Nf3 Nxe4 5. d4 d5 6. Bd3 Be7 7. 0-0 0-0 8. c4 c6 9. Nc3 Nf6 10. Re1 Bg4 11. Qb3 b6 12. Ne5 Be6 13. Be3 Nfd7 14. Nxc6 Nxc6 15. cxd5 Na5 16. Qd1 Bxd5 17. Nxd5 Nf6 18. Nxe7+ Qxe7 19. Bf4 Qd7 20. Be5 Ng4 21. Qf3 Nxe5 22. dxe5 Rad8 23. Rad1 Qa4 24. b3 Qc6 25. Be4 Rxd1 26. Rxd1 Qc7 27. e6 Qe7 28. exf7+ Kh8 29. Bxh7 Qxf7 30. Qxf7 Rxf7 31. Be4 Nb7 32. Bxb7 Rxb7 33. f4 Rc7 34. Rd2 Kh7 35. Kf2 Kg6 36. Kf3 Kf6 37. h4 Rc3+ 38. Kg4 b5 39. h5 a5 40. Rd6+ Ke7 41. Rd5 Rc2 42. g3 Rxa2 43. Rxb5 a4 44. bxa4 Rxa4 45. Kg5 Ra6 46. g4 Kf7 47. Re5 Rd6 48. f5 Rd4 49. Re6 1-0

[Event "BLR-ch U18"]
[Site "Minsk"]
[Date "2020.02.08"]
[Round "2"]
[White "Mukhin, Vladislav"]
[Black "Strybuk, Artsiom I"]
[Result "1/2-1/2"]
[WhiteElo "1881"]
[BlackElo "2198"]
[PlyCount "88"]
[EventDate "2020.02.07"]
[EventType "swiss"]
[EventRounds "9"]
[EventCountry "BLR"]
[SourceTitle "CBM 195 Extra"]
[Source "ChessBase"]
[SourceDate "2020.05.31"]
[SourceVersion "1"]
[SourceVersionDate "2020.05.31"]
[SourceQuality "1"]

1. e4 e5 2. Nf3 Nc6 3. d4 exd4 4. Nxd4 Bc5 5. Nb3 Bb6 6. Nc3 Nge7 7. Qe2 0-0 8. Be3 d6 9. 0-0-0 Be6 10. f3 Qb8 11. g4 Rd8 12. Nd5 Re8 13. Nf4 Ng6 14. Nxe6 fxe6 15. h4 e5 16. Qc4+ Kh8 17. Bxb6 axb6 18. h5 Nf4 19. h6 Re7 20. hxg7+ Rxg7 21. Kb1 Na5 22. Qc3 Nxb3 23. cxb3 Qd8 24. Bc4 Qf6 25. Rd2 Rf8 26. Rdh2 Ng6 27. Rh3 Qe7 28. Qe3 Nf4 29. R3h2 Qg5 30. Qd2 Qe7 31. Qe3 Qd7 32. Rh6 b5 33. Be2 c6 34. Qd2 Ne6 35. Bd1 Qe7 36. g5 Nxg5 37. Qxd6 Qxd6 38. Rxd6 Nxf3 39. Bxf3 Rxf3 40. Rd8+ Rg8 41. Rd7 Rg2 42. Rxb7 Rff2 43. Rbxh7+ Kg8 44. Ra7 Rxb2+ 1/2-1/2